Augmented reality : Theory , design and development/ (Record no. 179933)

MARC details
000 -LEADER
fixed length control field 00632nam a22001817a 4500
005 - DATE AND TIME OF LATEST TRANSACTION
control field 20210716155802.0
010 ## - LCCN (DPL NO)
LC control number ENG-129580
020 ## - INTERNATIONAL STANDARD BOOK NUMBER
International Standard Book Number 978-93-89949-16-2
Terms of availability 995.00
035 ## - SYSTEM CONTROL NUMBER
System control number EN-113112
037 ## - SOURCE OF ACQUISITION
Source of stock number/acquisition DBAD/PUB
082 ## - DEWEY DECIMAL CLASSIFICATION NUMBER
Classification number 006.8
100 ## - MAIN ENTRY--PERSONAL NAME
Personal name Chetankumar G. shetty
245 ## - TITLE STATEMENT
Title Augmented reality : Theory , design and development/
Statement of responsibility, etc By Shetty, Chetankumar G.
260 ## - PUBLICATION, DISTRIBUTION, ETC. (IMPRINT)
Place of publication, distribution, etc Alapakkam
Name of publisher, distributor, etc Mc Graw Hill
Date of publication, distribution, etc 2020
270 ## - ADDRESS
Address 444/1,Sri Ekambara Naicker Industrial Estate,Alapakkam,Porur
City Chennai
Postal code 600116
Electronic mail address info.india@mheducation.com
Telephone number 18001035875
300 ## - PHYSICAL DESCRIPTION
Extent 493p;
Dimensions 24cm(PB)
942 ## - ADDED ENTRY ELEMENTS (KOHA)
Source of classification or shelving scheme Dewey Decimal Classification
Item type English Books
Classification part 006.8
Call number suffix SHE
Holdings
Withdrawn status Lost status Not for loan Collection code Home library Current library Date acquired Source of acquisition Cost, normal purchase price Full call number Barcode Copy number Cost, replacement price Koha item type
      Non-fiction Central Library Central Library 16/07/2021 DBAD/PUB 995.00 006.8 SHE EN-113112 1 995.00 English Books

© Delhi Public Library
Hit Counter
free hit counter